| 000 | 00970nam a22002297a 4500 | ||
|---|---|---|---|
| 005 | 20250826110826.0 | ||
| 008 | 250826b |||||||| |||| 00| 0 eng d | ||
| 020 | _a81-7380-848-1(ਹਬਕ) | ||
| 037 | _cREF | ||
| 040 |
_aAL _cAL |
||
| 041 |
_2pun _apun |
||
| 084 |
_aQ8441:21k P3.1-.3 _qAL |
||
| 100 |
_aਸਿੰਘ, ਬਲਬੀਰ _9818868 |
||
| 245 | _aਨਿਰੁਕਤ : ਸ੍ਰੀ ਗੁਰੂ ਗ੍ਰੰਥ ਸਾਹਿਬ | ||
| 260 |
_aਪਟਿਆਲਾ, ਭਾਰਤ: _bਪੰਜਾਬੀ ਯੂਨੀਵਰਸਿਟੀ, _c2003. |
||
| 300 | _a407 ਪ. | ||
| 440 | _vvol .1-.3 | ||
| 650 | _2Sikh Religion | ||
| 700 |
_aਜੱਗੀ, ਰਤਨ ਸਿੰਘ _eEditor . _9818869 |
||
| 942 |
_2CC _cTB _hQ8441:21k P3.1-.3 _n0 |
||
| 999 |
_c1434885 _d1434885 |
||